000 00382nam a2200145Ia 4500
008 100204s9999 xx 000 0 und d
082 _b21630
100 _aVANKUDRI N. B. & OTHER
245 _aFUNDAMENTALS OF BIOLOGY
260 _b"SSHETH PUBLISHERS, BOMBAY"
_c1985
300 _a318
630 _aFUNDAMENTALS OF BIOLOGY
730 _aFUNDAMENTALS OF BIOLOGY
942 _cBOOK
999 _c466613
_d466610